Mort subite : Batailles de la Première Guerre mondiale - Statistiques

Statistiques générales
  • Ce quiz a été pris 206 fois
  • Le résultat moyen est 3 sur 16
Answers on the Grid
Answers color-coded by a green-red scale on the quiz's grid according to % correct below.
Aix-la-Chapelle
Anvers
Berlin
Brest-Litovsk
Caporetto
Caucase
Chemin des Dames
Craonne
Dardanelles
Dobro Polé
Dunkerque
Isonzo
Istanbul
Jutland
Koursk
la Somme
Marne
Narvik
Odessa
Offensive Broussilov
Saint-Omer
Saône
Sedan
Sentier des Dames
Stalingrad
Strasbourg
Tanga
Tannenberg
Varsovie
Verdun
Vistule
Ypres
 
Statistiques - réponses
Réponse % Correct
Verdun
53%
la Somme
51%
Marne
49%
Chemin des Dames
42%
Dardanelles
37%
Ypres
29%
Jutland
17%
Tannenberg
17%
Caporetto
14%
Isonzo
13%
Offensive Broussilov
10%
Anvers
5%
Vistule
5%
Caucase
4%
Dobro Polé
2%
Tanga
2%
Aucun quiz correspondant
Distribution des résultats
% des personnes avec chaque résultat
Percentile par nombre de réponses
Votre historique - résultats
Vous n’avez pas pris ce quiz